<?xml version="1.0" encoding="UTF-8"?>
<marc:record xmlns:marc="http://www.loc.gov/MARC21/slim">
   <marc:leader>00000nam a2200000 a 4500</marc:leader>
   <marc:datafield ind1="1" ind2=" " tag="100">
      <marc:subfield code="a">Butschek, Felix</marc:subfield>
      <marc:subfield code="4">aut</marc:subfield>
      <marc:subfield code="e">Verfasser/-in</marc:subfield>
   </marc:datafield>
   <marc:datafield ind1=" " ind2=" " tag="653">
      <marc:subfield code="a">Geschichte</marc:subfield>
   </marc:datafield>
   <marc:datafield ind1=" " ind2=" " tag="653">
      <marc:subfield code="a">Wirtschaft</marc:subfield>
   </marc:datafield>
   <marc:datafield ind1="0" ind2="0" tag="245">
      <marc:subfield code="a">Österreichische Wirtschaftsgeschichte</marc:subfield>
   </marc:datafield>
   <marc:datafield ind1="0" ind2="0" tag="245">
      <marc:subfield code="b">von der Antike bis zur Gegenwart</marc:subfield>
   </marc:datafield>
   <marc:datafield ind1="0" ind2="0" tag="245">
      <marc:subfield code="c">Felix Butschek</marc:subfield>
   </marc:datafield>
   <marc:datafield ind1=" " ind2="1" tag="264">
      <marc:subfield code="a">Wien</marc:subfield>
      <marc:subfield code="b">Böhlau</marc:subfield>
      <marc:subfield code="c">2011</marc:subfield>
   </marc:datafield>
   <marc:datafield ind1="1" ind2=" " tag="520">
      <marc:subfield code="a">Angaben aus der Verlagsmeldung

Österreichische Wirtschaftsgeschichte - : von der Antike bis zur Gegenwart / von Felix Butschek

Die Wirtschaftsentwicklung im Gebiet der heutigen Republik Österreich wurde durch die politischen Gegebenheiten bestimmt. Obwohl im Mittelalter kräftige Impulse vom Bergbau ausgingen, war es letztlich die Hauptstadtfunktion Wiens, welche die Entwicklung vorantrieb. Es war auch diese Region, die den Aufbruch des Merkantilismus initiierte ebenso wie den Beginn der Industrialisierung, welche letztlich ins „Silberne Zeitalter“ vor dem 1. Weltkrieg führte. Die zusammenbrechende Habsburger Monarchie hinterließ einen Kleinstaat, der zu einem der ärmsten unter den westlichen Industriestaaten wurde. Die Zeit nach 1945 erlebte dagegen eine dramatische Expansion der österreichischen Wirtschaft, welche die Republik Österreich zu einem der reichsten Staaten der EU und damit der Welt überhaupt machte.
</marc:subfield>
   </marc:datafield>
   <marc:datafield ind1=" " ind2=" " tag="020">
      <marc:subfield code="a">9783205786436</marc:subfield>
      <marc:subfield code="9">9783205786436</marc:subfield>
   </marc:datafield>
   <marc:datafield ind1=" " ind2=" " tag="041">
      <marc:subfield code="a">ger</marc:subfield>
   </marc:datafield>
   <marc:datafield ind1=" " ind2=" " tag="300">
      <marc:subfield code="a">XVI, 615 S.</marc:subfield>
   </marc:datafield>
</marc:record>
